Countries of North America in an Indigenous language - Statistics

General Stats
  • This quiz has been taken 425 times
  • The average score is 10 of 23
Answer Stats
Hint Answer Language % Correct
Wááshindoon bikéyah ałhidadiidzooígíí United States of America Navajo
90%
Coabana Cuba Taino
85%
Ayiti Haiti Kreyol
81%
Xaymaca Jamaica Taino
71%
Cuauhtēmallān Guatemala Nahuatl
61%
Chetumal Belize Mayan
55%
Zhaaganaashiiwaki Canada Ojibwe
52%
Darién Panama Cueva
46%
Anahuac Mexico Nahuatl
43%
Quisqueya Dominican Republic Taino
35%
Guanahani Bahamas Taino
34%
Nicoya Costa Rica Nicoya
34%
Quauhcapolca Nicaragua Nawat
34%
Guaymuras Honduras Unknown
33%
Kuskatan El Salvador Nawat
28%
Liamuiga Saint Kitts and Nevis Carib
27%
Wai'tu kubuli Dominica Carib
26%
Camajuya Grenada Arawak
26%
Youloumain Saint Vincent and the Grenadines Carib
26%
Wadadii Antigua and Barbuda Carib
25%
Iyonola Saint Lucia Arawak
25%
Ichirouganaim Barbados Arawak
23%
Iëre Trinidad and Tobago Arawak
23%
No matching quizzes found
Score Distribution
Percent of People with Each Score
Percentile by Number Answered
Your Score History
You have not taken this quiz